The wide window /
Catastrophes and misfortune continue to plague the Baudelaire orphans after being sent to live with fearful Aunt Josephine, who offers little protection against Count Olaf's treachery.
| Autore principale: | |
|---|---|
| Altri autori: | |
| Natura: | Libro |
| Lingua: | English |
| Pubblicazione: |
New York :
HarperTrophy,
c2000.
|
| Serie: | A series of unfortunate events ;
bk. 3 Snicket, Lemony. Series of unfortunate events ; bk. 3. |
| Soggetti: | |
| Classic Catalogue: | View this record in Classic Catalogue |
| LEADER | 01588nam a2200385 a 4500 | ||
|---|---|---|---|
| 001 | 33620 | ||
| 003 | BD-DhAAL | ||
| 005 | 20180806094545.0 | ||
| 008 | 180806t2000 nyua c 000 1 eng d | ||
| 999 | |c 39988 |d 39988 | ||
| 010 | |a 99027262 | ||
| 020 | |a 9780062796042 | ||
| 020 | |a 0060283149 (lib. bdg.) | ||
| 020 | |a 0064407683 (pbk.) | ||
| 040 | |a DLC |c DLC |d DLC |d BD-DhAAL | ||
| 042 | |a lcac | ||
| 050 | 0 | 0 | |a PZ7.S6795 |b Wi 2000 |
| 082 | 0 | 0 | |a 823.914 |2 21 |
| 100 | 1 | |a Snicket, Lemony. |9 27716 | |
| 245 | 1 | 4 | |a The wide window / |c by Lemony Snicket ; illustrations by Brett Helquist. |
| 260 | |a New York : |b HarperTrophy, |c c2000. | ||
| 300 | |a 214 pages : |b illustrations ; |c 19 cm. | ||
| 440 | |a A series of unfortunate events ; |v bk. 3 |9 27717 | ||
| 520 | |a Catastrophes and misfortune continue to plague the Baudelaire orphans after being sent to live with fearful Aunt Josephine, who offers little protection against Count Olaf's treachery. | ||
| 526 | |a AAL | ||
| 541 | |a Trim Education |e 33620 | ||
| 650 | 1 | |a Orphans |v Fiction. |9 27718 | |
| 650 | 1 | |a Brothers and sisters |v Fiction. |9 27719 | |
| 650 | 1 | |a City and town life |v Fiction. |9 27720 | |
| 650 | 1 | |a Humorous stories. |9 27721 | |
| 700 | 1 | |a Helquist, Brett, |e illustrator |9 27722 | |
| 800 | 1 | |a Snicket, Lemony. |t Series of unfortunate events ; |v bk. 3. |9 27723 | |
| 852 | |a Ayesha Abed Library |c General Stacks | ||
| 942 | |2 ddc |c BK | ||
| 952 | |0 0 |1 0 |2 ddc |4 0 |6 823_914000000000000_SNI |7 0 |9 64141 |a BRACUL |b BRACUL |c GEN |d 2018-07-30 |e Trim Education |g 1375.00 |l 8 |m 29 |o 823.914 SNI |p 3010033620 |r 2025-07-24 |s 2025-07-21 |t 1 |v 1375.00 |w 2018-07-30 |y BK | ||